000 01171nam a2200313 a 4500
999 _c507677
_d507677
001 1103148
005 20190221161116.0
008 920925s1992 ii b 001 0 eng
010 _a 92906915
020 _a8170416361 :
_cRs2500.00
025 _aI-E-69297
040 _aDLC
_cDLC
_dDLC
043 _aa-ii---
050 0 0 _aDS421
_b.I53 1992
082 0 0 _aB11x54 Sa72i
100 _aT.R. Sareen
_92221
245 0 0 _aIndia through ages /
_ceditors, T.R. Sareen, S.R. Bakshi.
260 _aNew Delhi :
_bAnmol Publications,
_cc1992.
300 _a5 v. ;
_c23 cm.
440 _aIndia through ages
_vvol. 1: Ancient culture and civilisation
_92222
500 _av. 1. Ancient culture and civilisation -- v. 2. Temples of India -- v. 3. Cities of India -- v. 4. Castes and tribes of India -- v. 5. Folklore of India.
504 _aIncludes bibliographical references.
520 _aContributed ar
651 0 _aIndia
_xCivilization.
_92223
700 1 _aSareen, Tilak Raj,
_d1935-
_92224
700 1 _aBakshi, S. R.
_q(Shiri Ram),
_d1935-
_92225
906 _a7
_bcbc
_corignew
_d3
_encip
_f19
_gy-gencatlg